[Event "Stay Safe Play From Home 424"]
[Site "Emanuel Lasker Arena"]
[Date "2020.08.31"]
[Round "3"]
[White "Haris kollari 13"]
[Black "Stefanone"]
[Result "0-1"]
[WhiteElo "1744"]
[BlackElo "1952"]
[Annotator "NA"]
[PlyCount "58"]
[EventDate "2020.08.31"]
[EventType "swiss (blitz)"]

1. e4 {[%emt 0:00:02]} e6 {[%emt 0:00:01]} 2. f4 {[%emt 0:00:01]} d5 {[%emt 0:00:00]} 3. e5 {[%emt 0:00:01]} c5 {[%emt 0:00:01]} 4. Nf3 {[%emt 0:00:01]} Nc6 {[%emt 0:00:01]} 5. b3 {[%emt 0:00:01]} Nge7 {[%emt 0:00:00]} 6. Bb2 {[%emt 0:00:01]} Ng6 {[%emt 0:00:01]} 7. g3 {[%emt 0:00:01]} Be7 {[%emt 0:00:00]} 8. Bg2 {[%emt 0:00:01]} O-O {[%emt 0:00:01]} 9. c3 {[%emt 0:00:01]} f6 {[%emt 0:00:00]} 10. d4 {[%emt 0:00:02]} cxd4 {[%emt 0:00:01]} 11. cxd4 {[%emt 0:00:01]} fxe5 {[%emt 0:00:00]} 12. dxe5 {[%emt 0:00:01]} Qb6 {[%emt 0:00:01]} 13. Nbd2 {[%emt 0:00:08]} Bc5 {[%emt 0:00:01]} 14. Qe2 {[%emt 0:00:01]} d4 {[%emt 0:00:01]} 15. O-O-O {[%emt 0:00:02]} Nb4 {[%emt 0:00:00]} 16. Kb1 {[%emt 0:00:02]} Bd7 {[%emt 0:00:01]} 17. Nc4 {[%emt 0:00:03]} Qa6 {[%emt 0:00:02]} 18. a3 {[%emt 0:00:02]} Nd5 {[%emt 0:00:02]} 19. b4 {[%emt 0:00:02]} Bb5 {[%emt 0:00:01]} 20. bxc5 {[%emt 0:00:04]} Bxc4 {[%emt 0:00:01]} 21. Qd2 {[%emt 0:00:02]} Rfc8 {[%emt 0:00:03]} 22. Qxd4 {[%emt 0:00:01]} Qb5 {[%emt 0:00:02]} 23. Ng5 {[%emt 0:00:05]} Qb3 {[%emt 0:00:03]} 24. Nxe6 {[%emt 0:00:06]} Rd8 {[%emt 0:00:03]} 25. Nxd8 {[%emt 0:00:02]} Rxd8 {[%emt 0:00:00]} 26. Rc1 {[%emt 0:00:02]} Qa2+ {[%emt 0:00:01]} 27. Kc2 {[%emt 0:00:01]} Bb3+ {[%emt 0:00:00]} 28. Kd2 {[%emt 0:00:02]} Nge7 {[%emt 0:00:05]} 29. Ke2 {[%emt 0:00:01]} Bc4+ {[%emt 0:00:02] Time Time Time (Lag: Av=0.45s, max=0.8s) (Lag: Av=0.45s, max=0.8s) (Lag: Av=0.45s, max=0.8s)} 0-1

[Event "Stay Safe Play From Home 424"]
[Site "Emanuel Lasker Arena"]
[Date "2020.08.31"]
[Round "3"]
[White "KING o KONG"]
[Black "Hickey"]
[Result "0-1"]
[WhiteElo "989"]
[BlackElo "2288"]
[PlyCount "56"]
[EventDate "2020.08.31"]
[EventType "swiss (blitz)"]

1. d3 {[%emt 0:00:01]} Nf6 {[%emt 0:00:02]} 2. e3 {[%emt 0:00:01]} b6 {[%emt 0:00:00]} 3. b3 {[%emt 0:00:01]} Bb7 {[%emt 0:00:00]} 4. Bb2 {[%emt 0:00:01]} c5 {[%emt 0:00:00]} 5. Bxf6 {[%emt 0:00:01]} exf6 {[%emt 0:00:00]} 6. Be2 {[%emt 0:00:01]} d5 {[%emt 0:00:00]} 7. Bh5 {[%emt 0:00:01]} Be7 {[%emt 0:00:00]} 8. Bxf7+ {[%emt 0:00:03]} Kxf7 {[%emt 0:00:00]} 9. Qh5+ {[%emt 0:00:01]} g6 {[%emt 0:00:02]} 10. Qh6 {[%emt 0:00:02]} Bf8 {[%emt 0:00:01]} 11. Qf4 {[%emt 0:00:03]} Bg7 {[%emt 0:00:00]} 12. Ne2 {[%emt 0:00:02]} Nd7 {[%emt 0:00:02]} 13. g4 {[%emt 0:00:02]} Ne5 {[%emt 0:00:02]} 14. h3 {[%emt 0:00:05]} d4 {[%emt 0:00:01]} 15. e4 {[%emt 0:00:01]} h5 {[%emt 0:00:04]} 16. gxh5 {[%emt 0:00:05]} Rxh5 {[%emt 0:00:00]} 17. Nd2 {[%emt 0:00:02]} Bh6 {[%emt 0:00:03]} 18. Qh2 {[%emt 0:00:04]} Bxd2+ {[%emt 0:00:02]} 19. Kd1 {[%emt 0:00:02]} Nf3 {[%emt 0:00:00]} 20. Qg3 {[%emt 0:00:06]} Bc3 {[%emt 0:00:03]} 21. Qxf3 {[%emt 0:00:01]} Bxa1 {[%emt 0:00:03]} 22. Rg1 {[%emt 0:00:01]} Bc3 {[%emt 0:00:03]} 23. Nf4 {[%emt 0:00:02]} Rh6 {[%emt 0:00:03]} 24. Qg4 {[%emt 0:00:03]} Bc8 {[%emt 0:00:03]} 25. h4 {[%emt 0:00:01]} Bxg4+ {[%emt 0:00:01]} 26. Rxg4 {[%emt 0:00:02]} Qd6 {[%emt 0:00:00]} 27. h5 {[%emt 0:00:01]} Qxf4 {[%emt 0:00:02]} 28. Rxg6 {[%emt 0:00:02]} Rxh5 {[%emt 0:00:00] TimeW TimeW TimeW} 0-1

[Event "Stay Safe Play From Home 424"]
[Site "Emanuel Lasker Arena"]
[Date "2020.08.31"]
[Round "4"]
[White "Gokerkan"]
[Black "IceQueen"]
[Result "1/2-1/2"]
[WhiteElo "2632"]
[BlackElo "2407"]
[Annotator "RC"]
[PlyCount "148"]
[EventDate "2020.08.31"]
[EventType "swiss (blitz)"]

1. e4 {[%emt 0:00:00]} d6 {[%emt 0:00:00]} 2. d4 {[%emt 0:00:01]} Nf6 {[%emt 0:00:00]} 3. Nc3 {[%emt 0:00:00]} g6 {[%emt 0:00:00]} 4. Nf3 {[%emt 0:00:01]} Bg7 {[%emt 0:00:00]} 5. Be2 {[%emt 0:00:00]} O-O {[%emt 0:00:01]} 6. h3 {[%emt 0:00:00]} c6 {[%emt 0:00:00]} 7. O-O {[%emt 0:00:00]} b5 {[%emt 0:00:00]} 8. a3 {[%emt 0:00:01]} a5 {[%emt 0:00:00]} 9. Re1 {[%emt 0:00:01]} Na6 {[%emt 0:00:00]} 10. e5 {[%emt 0:00:01]} dxe5 {[%emt 0:00:01]} 11. Nxe5 {[%emt 0:00:00]} Bb7 {[%emt 0:00:01]} 12. Bf3 {[%emt 0:00:00]} b4 {[%emt 0:00:01]} 13. axb4 {[%emt 0:00:01]} Nxb4 {[%emt 0:00:00]} 14. Bg5 {[%emt 0:00:03]} Nfd5 {[%emt 0:00:01]} 15. Nxd5 {[%emt 0:00:01]} cxd5 {[%emt 0:00:00]} 16. c3 {[%emt 0:00:01]} Na6 {[%emt 0:00:02]} 17. Nxg6 {[%emt 0:00:07]} fxg6 {[%emt 0:00:03]} 18. Bxe7 {[%emt 0:00:00]} Qd7 {[%emt 0:00:01]} 19. Bxf8 {[%emt 0:00:00]} Rxf8 {[%emt 0:00:00]} 20. Rxa5 {[%emt 0:00:01]} Nc7 {[%emt 0:00:07]} 21. Ra7 {[%emt 0:00:03]} Bc6 {[%emt 0:00:01]} 22. Qe2 {[%emt 0:00:04]} Bf6 {[%emt 0:00:04]} 23. Bg4 {[%emt 0:00:02]} Qd6 {[%emt 0:00:01]} 24. Qe3 {[%emt 0:00:09]} h5 {[%emt 0:00:02]} 25. Bf3 {[%emt 0:00:02]} Rf7 {[%emt 0:00:02]} 26. Qh6 {[%emt 0:00:02]} Bg7 {[%emt 0:00:01]} 27. Qg5 {[%emt 0:00:01]} Qf6 {[%emt 0:00:02]} 28. Qxf6 {[%emt 0:00:01]} Bxf6 {[%emt 0:00:01]} 29. Rea1 {[%emt 0:00:02]} Kg7 {[%emt 0:00:01]} 30. Be2 {[%emt 0:00:01]} Ne6 {[%emt 0:00:02]} 31. Rxf7+ {[%emt 0:00:01]} Kxf7 {[%emt 0:00:00]} 32. Ra6 {[%emt 0:00:00]} Be8 {[%emt 0:00:00]} 33. Bf3 {[%emt 0:00:01]} Nf4 {[%emt 0:00:01]} 34. g3 {[%emt 0:00:01]} Nxh3+ {[%emt 0:00:02]} 35. Kg2 {[%emt 0:00:00]} Ng5 {[%emt 0:00:00]} 36. Bxd5+ {[%emt 0:00:00]} Ke7 {[%emt 0:00:00]} 37. Ra7+ {[%emt 0:00:01]} Kd6 {[%emt 0:00:01]} 38. Ba8 {[%emt 0:00:00]} Bd7 {[%emt 0:00:01]} 39. c4 {[%emt 0:00:01]} Ne4 {[%emt 0:00:01]} 40. Bxe4 {[%emt 0:00:01]} Bxd4 {[%emt 0:00:01]} 41. Ra6+ {[%emt 0:00:00]} Ke5 {[%emt 0:00:01]} 42. Bxg6 {[%emt 0:00:03]} h4 {[%emt 0:00:01]} 43. gxh4 {[%emt 0:00:01]} Bc8 {[%emt 0:00:00]} 44. Ra8 {[%emt 0:00:02]} Bb7+ {[%emt 0:00:01]} 45. Be4 {[%emt 0:00:00]} Bxe4+ {[%emt 0:00:01]} 46. f3 {[%emt 0:00:00]} Bxa8 {[%emt 0:00:00]} 47. Kg3 {[%emt 0:00:00]} Kf5 {[%emt 0:00:00]} 48. h5 {[%emt 0:00:01]} Bxb2 {[%emt 0:00:00]} 49. h6 {[%emt 0:00:00]} Bh8 {[%emt 0:00:00]} 50. c5 {[%emt 0:00:00]} Bc6 {[%emt 0:00:01]} 51. Kf2 {[%emt 0:00:00]} Kg6 {[%emt 0:00:00]} 52. Ke3 {[%emt 0:00:00]} Kxh6 {[%emt 0:00:00]} 53. Kd3 {[%emt 0:00:00]} Kg6 {[%emt 0:00:00]} 54. Kc4 {[%emt 0:00:00]} Kf6 {[%emt 0:00:00]} 55. Kb4 {[%emt 0:00:00]} Ke7 {[%emt 0:00:00]} 56. Ka5 {[%emt 0:00:00]} Kd7 {[%emt 0:00:00]} 57. Kb6 {[%emt 0:00:00]} Bf6 {[%emt 0:00:00]} 58. f4 {[%emt 0:00:00]} Be5 {[%emt 0:00:00]} 59. f5 {[%emt 0:00:00]} Bd4 {[%emt 0:00:00]} 60. Ka7 {[%emt 0:00:00]} Bxc5+ {[%emt 0:00:01]} 61. Ka6 {[%emt 0:00:00]} Be7 {[%emt 0:00:00]} 62. Ka5 {[%emt 0:00:00]} Bf6 {[%emt 0:00:00]} 63. Ka6 {[%emt 0:00:00]} Kd6 {[%emt 0:00:00]} 64. Ka7 {[%emt 0:00:00]} Bd5 {[%emt 0:00:00]} 65. Ka6 {[%emt 0:00:00]} Ke5 {[%emt 0:00:00]} 66. Ka7 {[%emt 0:00:00]} Kxf5 {[%emt 0:00:01]} 67. Ka6 {[%emt 0:00:00]} Ke5 {[%emt 0:00:00]} 68. Kb6 {[%emt 0:00:00]} Be7 {[%emt 0:00:00]} 69. Ka6 {[%emt 0:00:00]} Bd6 {[%emt 0:00:00]} 70. Ka7 {[%emt 0:00:00]} Kd4 {[%emt 0:00:01]} 71. Ka6 {[%emt 0:00:00]} Kc5 {[%emt 0:00:00]} 72. Ka7 {[%emt 0:00:00]} Bc7 {[%emt 0:00:00]} 73. Ka6 {[%emt 0:00:00]} Bc6 {[%emt 0:00:00]} 74. Ka7 {[%emt 0:00:00]} Kb5 {[%emt 0:00:01] (Lag: Av=0.45s, max=0.9s) (Lag: Av=0.45s, max=0.9s) (Lag: Av=0.45s, max=0.9s)} 1/2-1/2

[Event "Stay Safe Play From Home 424"]
[Site "Emanuel Lasker Arena"]
[Date "2020.08.31"]
[Round "4"]
[White "Nguyen Hong Anh"]
[Black "Eidgenosse"]
[Result "0-1"]
[WhiteElo "2375"]
[BlackElo "2452"]
[PlyCount "84"]
[EventDate "2020.08.31"]
[EventType "swiss (blitz)"]

1. d4 {[%emt 0:00:01]} Nf6 {[%emt 0:00:01]} 2. c4 {[%emt 0:00:01]} g6 {[%emt 0:00:00]} 3. Nf3 {[%emt 0:00:01]} Bg7 {[%emt 0:00:00]} 4. g3 {[%emt 0:00:00]} O-O {[%emt 0:00:00]} 5. Bg2 {[%emt 0:00:00]} d6 {[%emt 0:00:00]} 6. O-O {[%emt 0:00:01]} c6 {[%emt 0:00:00]} 7. Nc3 {[%emt 0:00:01]} Qa5 {[%emt 0:00:00]} 8. e4 {[%emt 0:00:01]} Qh5 {[%emt 0:00:01]} 9. Re1 {[%emt 0:00:03]} Bg4 {[%emt 0:00:01]} 10. Be3 {[%emt 0:00:02]} e5 {[%emt 0:00:02]} 11. dxe5 {[%emt 0:00:01]} dxe5 {[%emt 0:00:01]} 12. Bc5 {[%emt 0:00:01]} Re8 {[%emt 0:00:01]} 13. Qd3 {[%emt 0:00:01]} Nbd7 {[%emt 0:00:01]} 14. Ba3 {[%emt 0:00:02]} Rad8 {[%emt 0:00:01]} 15. Qe3 {[%emt 0:00:03]} b6 {[%emt 0:00:02]} 16. Nd2 {[%emt 0:00:04]} Bh6 {[%emt 0:00:01]} 17. f4 {[%emt 0:00:01]} Bh3 {[%emt 0:00:02]} 18. Bf3 {[%emt 0:00:01]} Bg4 {[%emt 0:00:02]} 19. Bg2 {[%emt 0:00:01]} Nc5 {[%emt 0:00:01]} 20. Bxc5 {[%emt 0:00:02]} bxc5 {[%emt 0:00:00]} 21. Nb3 {[%emt 0:00:01]} Bh3 {[%emt 0:00:04]} 22. Bf3 {[%emt 0:00:01]} Ng4 {[%emt 0:00:01]} 23. Qxc5 {[%emt 0:00:01]} Bf8 {[%emt 0:00:03]} 24. Qxa7 {[%emt 0:00:02]} exf4 {[%emt 0:00:01]} 25. gxf4 {[%emt 0:00:06]} Rd3 {[%emt 0:00:01]} 26. Re3 {[%emt 0:00:02]} Rxe3 {[%emt 0:00:02]} 27. Qxe3 {[%emt 0:00:01]} Nxe3 {[%emt 0:00:00]} 28. Bxh5 {[%emt 0:00:01]} gxh5 {[%emt 0:00:00]} 29. Re1 {[%emt 0:00:01]} Nxc4 {[%emt 0:00:01]} 30. e5 {[%emt 0:00:02]} Nxb2 {[%emt 0:00:02]} 31. Ne4 {[%emt 0:00:00]} Be7 {[%emt 0:00:02]} 32. Nd4 {[%emt 0:00:02]} Nd3 {[%emt 0:00:02]} 33. Re3 {[%emt 0:00:02]} Nxf4 {[%emt 0:00:03]} 34. Nxc6 {[%emt 0:00:01]} Bf5 {[%emt 0:00:02]} 35. Nd4 {[%emt 0:00:02]} Bg6 {[%emt 0:00:01]} 36. Ng3 {[%emt 0:00:01]} h4 {[%emt 0:00:01]} 37. Rf3 {[%emt 0:00:01]} hxg3 {[%emt 0:00:01]} 38. hxg3 {[%emt 0:00:00]} Bc5 {[%emt 0:00:00]} 39. Rxf4 {[%emt 0:00:01]} Rd8 {[%emt 0:00:00]} 40. Kg2 {[%emt 0:00:01]} Rxd4 {[%emt 0:00:01]} 41. e6 {[%emt 0:00:00]} Rxf4 {[%emt 0:00:01]} 42. e7 {[%emt 0:00:00]} Re4 {[%emt 0:00:01] Time Time Time (Lag: Av=0.95s, max=1.6s) (Lag: Av=0.95s, max=1.6s) (Lag: Av=0.95s, max=1.6s) . . .} 0-1

[Event "Stay Safe Play From Home 424"]
[Site "Emanuel Lasker Arena"]
[Date "2020.08.31"]
[Round "4"]
[White "Hickey"]
[Black "NTBT_DHS"]
[Result "1-0"]
[WhiteElo "2288"]
[BlackElo "2570"]
[PlyCount "157"]
[EventDate "2020.08.31"]
[EventType "swiss (blitz)"]

1. Nf3 {[%emt 0:00:02]} g6 {[%emt 0:00:01]} 2. g3 {[%emt 0:00:00]} Bg7 {[%emt 0:00:00]} 3. Bg2 {[%emt 0:00:00]} d6 {[%emt 0:00:00]} 4. O-O {[%emt 0:00:00]} Nf6 {[%emt 0:00:00]} 5. d3 {[%emt 0:00:01]} O-O {[%emt 0:00:00]} 6. c3 {[%emt 0:00:00]} Nc6 {[%emt 0:00:00]} 7. e4 {[%emt 0:00:01]} e5 {[%emt 0:00:00]} 8. Qc2 {[%emt 0:00:00]} d5 {[%emt 0:00:01]} 9. Bg5 {[%emt 0:00:01]} dxe4 {[%emt 0:00:01]} 10. dxe4 {[%emt 0:00:01]} h6 {[%emt 0:00:00]} 11. Bxf6 {[%emt 0:00:01]} Qxf6 {[%emt 0:00:01]} 12. Re1 {[%emt 0:00:02]} Be6 {[%emt 0:00:00]} 13. Nbd2 {[%emt 0:00:02]} Rfd8 {[%emt 0:00:01]} 14. Nf1 {[%emt 0:00:01]} Bg4 {[%emt 0:00:02]} 15. N3d2 {[%emt 0:00:02]} Rd7 {[%emt 0:00:02]} 16. h3 {[%emt 0:00:01]} Be6 {[%emt 0:00:01]} 17. Ne3 {[%emt 0:00:01]} Rad8 {[%emt 0:00:01]} 18. Nd5 {[%emt 0:00:01]} Bxd5 {[%emt 0:00:02]} 19. exd5 {[%emt 0:00:00]} Ne7 {[%emt 0:00:00]} 20. c4 {[%emt 0:00:03]} Nf5 {[%emt 0:00:02]} 21. Nf3 {[%emt 0:00:02]} Qd6 {[%emt 0:00:05]} 22. g4 {[%emt 0:00:01]} Nd4 {[%emt 0:00:02]} 23. Nxd4 {[%emt 0:00:00]} exd4 {[%emt 0:00:00]} 24. Rac1 {[%emt 0:00:02]} c5 {[%emt 0:00:02]} 25. dxc6 {[%emt 0:00:01]} bxc6 {[%emt 0:00:00]} 26. Qd3 {[%emt 0:00:00]} Qc5 {[%emt 0:00:06]} 27. b3 {[%emt 0:00:01]} a5 {[%emt 0:00:01]} 28. Re2 {[%emt 0:00:00]} h5 {[%emt 0:00:01]} 29. Rce1 {[%emt 0:00:01]} hxg4 {[%emt 0:00:01]} 30. hxg4 {[%emt 0:00:00]} Qg5 {[%emt 0:00:01]} 31. Re8+ {[%emt 0:00:02]} Rxe8 {[%emt 0:00:00]} 32. Rxe8+ {[%emt 0:00:01]} Bf8 {[%emt 0:00:00]} 33. Bxc6 {[%emt 0:00:01]} Rd6 {[%emt 0:00:01]} 34. Bf3 {[%emt 0:00:02]} Qf4 {[%emt 0:00:01]} 35. Re4 {[%emt 0:00:02]} Qc1+ {[%emt 0:00:02]} 36. Kg2 {[%emt 0:00:01]} Qb2 {[%emt 0:00:00]} 37. c5 {[%emt 0:00:01]} Rc6 {[%emt 0:00:05]} 38. Rxd4 {[%emt 0:00:01]} Rxc5 {[%emt 0:00:01]} 39. Rc4 {[%emt 0:00:01]} Rxc4 {[%emt 0:00:02]} 40. Qxc4 {[%emt 0:00:00]} Qxa2 {[%emt 0:00:00]} 41. Be4 {[%emt 0:00:01]} Qb2 {[%emt 0:00:04]} 42. Bxg6 {[%emt 0:00:01]} Qf6 {[%emt 0:00:00]} 43. Bf5 {[%emt 0:00:01]} Kg7 {[%emt 0:00:01]} 44. Qf4 {[%emt 0:00:01]} Bd6 {[%emt 0:00:00]} 45. Qf3 {[%emt 0:00:01]} Qe5 {[%emt 0:00:00]} 46. Qh3 {[%emt 0:00:02]} Qd5+ {[%emt 0:00:01]} 47. Qf3 {[%emt 0:00:01]} Qd4 {[%emt 0:00:01]} 48. Qe4 {[%emt 0:00:01]} Qd2 {[%emt 0:00:01]} 49. Qe8 {[%emt 0:00:02]} Qf4 {[%emt 0:00:01]} 50. Qe3 {[%emt 0:00:01]} Qh2+ {[%emt 0:00:00]} 51. Kf1 {[%emt 0:00:00]} Bf4 {[%emt 0:00:00]} 52. Ke2 {[%emt 0:00:00]} Bxe3 {[%emt 0:00:01]} 53. Kxe3 {[%emt 0:00:01]} Qe5+ {[%emt 0:00:00]} 54. Kf3 {[%emt 0:00:01]} Qb5 {[%emt 0:00:00]} 55. Kg2 {[%emt 0:00:00]} Qxb3 {[%emt 0:00:00]} 56. f3 {[%emt 0:00:00]} Qb4 {[%emt 0:00:00]} 57. Kg3 {[%emt 0:00:00]} a4 {[%emt 0:00:00]} 58. Be4 {[%emt 0:00:00]} a3 {[%emt 0:00:00]} 59. Bd5 {[%emt 0:00:00]} Qb8+ {[%emt 0:00:00]} 60. f4 {[%emt 0:00:01]} Qd6 {[%emt 0:00:00]} 61. Ba2 {[%emt 0:00:01]} Qd2 {[%emt 0:00:00]} 62. Bxf7 {[%emt 0:00:00]} a2 {[%emt 0:00:00]} 63. Bxa2 {[%emt 0:00:01]} Qxa2 {[%emt 0:00:00]} 64. g5 {[%emt 0:00:00]} Qb3+ {[%emt 0:00:00]} 65. Kg4 {[%emt 0:00:00]} Qc4 {[%emt 0:00:00]} 66. Kf5 {[%emt 0:00:00]} Qd3+ {[%emt 0:00:00]} 67. Ke5 {[%emt 0:00:00]} Qe2+ {[%emt 0:00:00]} 68. Kf5 {[%emt 0:00:00]} Qf3 {[%emt 0:00:00]} 69. Ke5 {[%emt 0:00:01]} Qg4 {[%emt 0:00:00]} 70. Ke4 {[%emt 0:00:01]} Qg3 {[%emt 0:00:00]} 71. Ke5 {[%emt 0:00:00]} Qg1 {[%emt 0:00:00]} 72. Kf5 {[%emt 0:00:00]} Qg3 {[%emt 0:00:00]} 73. Ke5 {[%emt 0:00:01]} Qg2 {[%emt 0:00:00]} 74. Kf5 {[%emt 0:00:00]} Kf7 {[%emt 0:00:00]} 75. Ke5 {[%emt 0:00:00]} Qc2 {[%emt 0:00:00]} 76. g6+ {[%emt 0:00:01]} Kf8 {[%emt 0:00:00]} 77. f5 {[%emt 0:00:00]} Kg7 {[%emt 0:00:00]} 78. Ke6 {[%emt 0:00:00]} Kh6 {[%emt 0:00:00]} 79. Kf6 {[%emt 0:00:00] Time Time Time (Lag: Av=0.80s, max=1.3s) (Lag: Av=0.80s, max=1.3s) (Lag: Av=0.80s, max=1.3s)} 1-0

[Event "Stay Safe Play From Home 424"]
[Site "Emanuel Lasker Arena"]
[Date "2020.08.31"]
[Round "4"]
[White "Stefanone"]
[Black "Lazieri3"]
[Result "1-0"]
[WhiteElo "1960"]
[BlackElo "2072"]
[PlyCount "93"]
[EventDate "2020.08.31"]
[EventType "swiss (blitz)"]

1. d4 {[%emt 0:00:01]} c6 {[%emt 0:00:00]} 2. e3 {[%emt 0:00:00]} d5 {[%emt 0:00:00]} 3. Nf3 {[%emt 0:00:01]} Nf6 {[%emt 0:00:00]} 4. g3 {[%emt 0:00:00]} Bf5 {[%emt 0:00:01]} 5. Bg2 {[%emt 0:00:00]} Qc8 {[%emt 0:00:01]} 6. h3 {[%emt 0:00:01]} h6 {[%emt 0:00:01]} 7. g4 {[%emt 0:00:00]} Bh7 {[%emt 0:00:01]} 8. O-O {[%emt 0:00:01]} Ne4 {[%emt 0:00:00]} 9. Nbd2 {[%emt 0:00:01]} Nxd2 {[%emt 0:00:01]} 10. Bxd2 {[%emt 0:00:01]} e6 {[%emt 0:00:00]} 11. c4 {[%emt 0:00:01]} Bd6 {[%emt 0:00:01]} 12. cxd5 {[%emt 0:00:01]} exd5 {[%emt 0:00:00]} 13. Qe2 {[%emt 0:00:00]} O-O {[%emt 0:00:01]} 14. Bc3 {[%emt 0:00:01]} Nd7 {[%emt 0:00:02]} 15. Qd2 {[%emt 0:00:01]} Nf6 {[%emt 0:00:01]} 16. Ne5 {[%emt 0:00:01]} Bxe5 {[%emt 0:00:01]} 17. dxe5 {[%emt 0:00:01]} Ne4 {[%emt 0:00:00]} 18. Bxe4 {[%emt 0:00:01]} Bxe4 {[%emt 0:00:01]} 19. f4 {[%emt 0:00:01]} h5 {[%emt 0:00:01]} 20. g5 {[%emt 0:00:03]} Qxh3 {[%emt 0:00:02]} 21. Qh2 {[%emt 0:00:02]} Qxe3+ {[%emt 0:00:03]} 22. Qf2 {[%emt 0:00:01]} Qh3 {[%emt 0:00:03]} 23. Qh2 {[%emt 0:00:01]} Qg4+ {[%emt 0:00:01]} 24. Kf2 {[%emt 0:00:01]} c5 {[%emt 0:00:02]} 25. Qg3 {[%emt 0:00:01]} Qf5 {[%emt 0:00:02]} 26. Bd2 {[%emt 0:00:01]} d4 {[%emt 0:00:03]} 27. Rae1 {[%emt 0:00:02]} g6 {[%emt 0:00:01]} 28. Kg1 {[%emt 0:00:02]} Rac8 {[%emt 0:00:02]} 29. Re2 {[%emt 0:00:01]} c4 {[%emt 0:00:01]} 30. Be1 {[%emt 0:00:01]} c3 {[%emt 0:00:02]} 31. bxc3 {[%emt 0:00:02]} Rxc3 {[%emt 0:00:00]} 32. Bxc3 {[%emt 0:00:01]} dxc3 {[%emt 0:00:00]} 33. Qxc3 {[%emt 0:00:01]} Qg4+ {[%emt 0:00:02]} 34. Kf2 {[%emt 0:00:01]} Qh4+ {[%emt 0:00:01]} 35. Kg1 {[%emt 0:00:01]} Qg3+ {[%emt 0:00:03]} 36. Qxg3 {[%emt 0:00:03]} Rc8 {[%emt 0:00:01]} 37. Rxe4 {[%emt 0:00:02]} Rc2 {[%emt 0:00:01]} 38. Rf2 {[%emt 0:00:01]} Rc1+ {[%emt 0:00:02]} 39. Kg2 {[%emt 0:00:01]} Kg7 {[%emt 0:00:01]} 40. Qe3 {[%emt 0:00:01]} b6 {[%emt 0:00:02]} 41. Qxc1 {[%emt 0:00:01]} h4 {[%emt 0:00:01]} 42. f5 {[%emt 0:00:01]} h3+ {[%emt 0:00:00]} 43. Kh2 {[%emt 0:00:01]} gxf5 {[%emt 0:00:00]} 44. Rxf5 {[%emt 0:00:01]} Kg6 {[%emt 0:00:00]} 45. Qf4 {[%emt 0:00:01]} b5 {[%emt 0:00:01]} 46. Rf6+ {[%emt 0:00:01]} Kh5 {[%emt 0:00:01]} 47. Qh4# {[%emt 0:00:01] (Lag: Av=0.47s, max=0.7s) (Lag: Av=0.47s, max=0.7s) (Lag: Av=0.47s, max=0.7s)} 1-0

[Event "Stay Safe Play From Home 424"]
[Site "Emanuel Lasker Arena"]
[Date "2020.08.31"]
[Round "4"]
[White "Omerseyman"]
[Black "Mr bh6"]
[Result "0-1"]
[WhiteElo "1801"]
[BlackElo "2384"]
[PlyCount "150"]
[EventDate "2020.08.31"]
[EventType "swiss (blitz)"]

1. e4 {[%emt 0:00:01]} e6 {[%emt 0:00:00]} 2. d4 {[%emt 0:00:01]} d5 {[%emt 0:00:00]} 3. exd5 {[%emt 0:00:00]} exd5 {[%emt 0:00:00]} 4. Bd3 {[%emt 0:00:00]} Nf6 {[%emt 0:00:00]} 5. c3 {[%emt 0:00:01]} Bd6 {[%emt 0:00:00]} 6. Nf3 {[%emt 0:00:01]} O-O {[%emt 0:00:00]} 7. O-O {[%emt 0:00:01]} Bg4 {[%emt 0:00:00]} 8. Bg5 {[%emt 0:00:01]} Nbd7 {[%emt 0:00:02]} 9. Nbd2 {[%emt 0:00:01]} c6 {[%emt 0:00:00]} 10. Re1 {[%emt 0:00:01]} Qc7 {[%emt 0:00:01]} 11. Bh4 {[%emt 0:00:01]} Rae8 {[%emt 0:00:01]} 12. Qc2 {[%emt 0:00:01]} b5 {[%emt 0:00:04]} 13. Bg3 {[%emt 0:00:01]} Bf4 {[%emt 0:00:01]} 14. Kf1 {[%emt 0:00:03]} Bh5 {[%emt 0:00:05]} 15. Bf5 {[%emt 0:00:05]} Bg6 {[%emt 0:00:06]} 16. Rxe8 {[%emt 0:00:01]} Rxe8 {[%emt 0:00:01]} 17. Re1 {[%emt 0:00:01]} Rxe1+ {[%emt 0:00:01]} 18. Kxe1 {[%emt 0:00:00]} Bxg3 {[%emt 0:00:01]} 19. hxg3 {[%emt 0:00:01]} Nb6 {[%emt 0:00:00]} 20. Bxg6 {[%emt 0:00:01]} hxg6 {[%emt 0:00:00]} 21. Ne5 {[%emt 0:00:01]} Qe7 {[%emt 0:00:00]} 22. Ndf3 {[%emt 0:00:01]} Ng4 {[%emt 0:00:01]} 23. Kf1 {[%emt 0:00:01]} Nxe5 {[%emt 0:00:02]} 24. Nxe5 {[%emt 0:00:02]} c5 {[%emt 0:00:00]} 25. Qd2 {[%emt 0:00:07]} c4 {[%emt 0:00:01]} 26. Qe2 {[%emt 0:00:01]} a5 {[%emt 0:00:01]} 27. Nc6 {[%emt 0:00:01]} Qxe2+ {[%emt 0:00:00]} 28. Kxe2 {[%emt 0:00:00]} a4 {[%emt 0:00:01]} 29. Ne7+ {[%emt 0:00:01]} Kf8 {[%emt 0:00:01]} 30. Nc6 {[%emt 0:00:00]} f6 {[%emt 0:00:01]} 31. Nb4 {[%emt 0:00:01]} Ke7 {[%emt 0:00:01]} 32. Ke3 {[%emt 0:00:01]} Kd6 {[%emt 0:00:02]} 33. f4 {[%emt 0:00:01]} Nc8 {[%emt 0:00:03]} 34. g4 {[%emt 0:00:01]} Nb6 {[%emt 0:00:01]} 35. Kf3 {[%emt 0:00:01]} Nc8 {[%emt 0:00:01]} 36. Nc2 {[%emt 0:00:01]} Nb6 {[%emt 0:00:01]} 37. Ne3 {[%emt 0:00:01]} a3 {[%emt 0:00:02]} 38. Nd1 {[%emt 0:00:02]} axb2 {[%emt 0:00:02]} 39. Nxb2 {[%emt 0:00:00]} Kc6 {[%emt 0:00:02]} 40. Ke3 {[%emt 0:00:01]} Nc8 {[%emt 0:00:00]} 41. Kd2 {[%emt 0:00:01]} Nd6 {[%emt 0:00:00]} 42. Nd1 {[%emt 0:00:01]} Ne4+ {[%emt 0:00:00]} 43. Kc2 {[%emt 0:00:01]} Kb6 {[%emt 0:00:00]} 44. Ne3 {[%emt 0:00:01]} Kc6 {[%emt 0:00:00]} 45. f5 {[%emt 0:00:01]} g5 {[%emt 0:00:01]} 46. Nf1 {[%emt 0:00:02]} Kc7 {[%emt 0:00:02]} 47. Ne3 {[%emt 0:00:00]} Kd6 {[%emt 0:00:00] Omerseyman bietet Remis Omerseyman bietet Remis Omerseyman bietet Remis} 48. a3 {[%emt 0:00:01]} Kc6 {[%emt 0:00:01]} 49. Nf1 {[%emt 0:00:01]} Nf2 {[%emt 0:00:01]} 50. Ne3 {[%emt 0:00:00]} Nd3 {[%emt 0:00:00]} 51. Kd2 {[%emt 0:00:01]} Kd6 {[%emt 0:00:01]} 52. Kc2 {[%emt 0:00:00]} Ne1+ {[%emt 0:00:01]} 53. Kd2 {[%emt 0:00:00]} Nd3 {[%emt 0:00:00]} 54. Kc2 {[%emt 0:00:00]} Nf4 {[%emt 0:00:00]} 55. Kd2 {[%emt 0:00:00]} g6 {[%emt 0:00:00]} 56. Kc2 {[%emt 0:00:00]} gxf5 {[%emt 0:00:00]} 57. Nxf5+ {[%emt 0:00:00]} Ke6 {[%emt 0:00:00]} 58. g3 {[%emt 0:00:00]} Ne2 {[%emt 0:00:01]} 59. Ne3 {[%emt 0:00:01]} Nxg3 {[%emt 0:00:01]} 60. a4 {[%emt 0:00:00]} Ne4 {[%emt 0:00:00]} 61. a5 {[%emt 0:00:00]} Nd6 {[%emt 0:00:00]} 62. a6 {[%emt 0:00:00]} Nc8 {[%emt 0:00:00]} 63. a7 {[%emt 0:00:00]} Nxa7 {[%emt 0:00:00]} 64. Ng2 {[%emt 0:00:00]} Nc6 {[%emt 0:00:00]} 65. Ne1 {[%emt 0:00:00]} b4 {[%emt 0:00:00]} 66. Nf3 {[%emt 0:00:00]} b3+ {[%emt 0:00:00]} 67. Kb2 {[%emt 0:00:01]} Kd6 {[%emt 0:00:00]} 68. Nxg5 {[%emt 0:00:00]} Ne7 {[%emt 0:00:00]} 69. Nh7 {[%emt 0:00:00]} Ng8 {[%emt 0:00:01]} 70. Nxf6 {[%emt 0:00:00]} Nxf6 {[%emt 0:00:00]} 71. g5 {[%emt 0:00:00]} Ne4 {[%emt 0:00:00]} 72. g6 {[%emt 0:00:00]} Ke7 {[%emt 0:00:00]} 73. g7 {[%emt 0:00:00]} Kf7 {[%emt 0:00:00]} 74. g8=Q+ {[%emt 0:00:00]} Kxg8 {[%emt 0:00:00]} 75. Kc1 {[%emt 0:00:00]} Nxc3 {[%emt 0:00:00] Zeit Zeit Zeit (Lag: Av=1.25s, max=3.5s) (Lag: Av=1.25s, max=3.5s) (Lag: Av=1.25s, max=3.5s)} 0-1